Vývoj nových postupov extrakcie pre stopovú analýzu analytov vo vodných vzorkách
Saved in:
| Main Author: | |
|---|---|
| Other Authors: | |
| Format: | Manuscript Book |
| Language: | Slovak |
| Published: |
2024
|
| Subjects: | |
| Online Access: | http://is.stuba.sk/zp/portal_zp.pl?podrobnosti=176578 |
| Tags: |
No Tags, Be the first to tag this record!
|
MARC
| LEADER | 00000ntm a22000003a 4500 | ||
|---|---|---|---|
| 001 | stuzp99299 | ||
| 003 | SK-STU | ||
| 005 | 20240601210610.9 | ||
| 007 | ta | ||
| 008 | 150427s2015----xo-----f-mn---000-0-slo-d | ||
| 040 | |a STU |b slo | ||
| 041 | 0 | |a slo | |
| 100 | 1 | |a Kojdová, Miriam |u 041000 |4 aut |U FCHPT Fakulta chemickej a potravinárskej technológie |T FCHPT Ústav analytickej chémie |X 121752 |U C1000 |Y 99 |7 121752 | |
| 242 | 0 | 1 | |a Development of new extraction procedures for trace analysis of analytes in water |y eng |
| 245 | 1 | 0 | |a Vývoj nových postupov extrakcie pre stopovú analýzu analytov vo vodných vzorkách |
| 260 | |c 2024 | ||
| 650 | 4 | |a sorbent |2 slo | |
| 650 | 4 | |a sorpcia |2 slo | |
| 650 | 4 | |a úprava vzorky |2 slo | |
| 650 | 4 | |a SPE |2 slo | |
| 650 | 4 | |a desorpcia |2 slo | |
| 650 | 4 | |a extrakcia z vody |2 slo | |
| 650 | 4 | |a Sample preparation |2 eng | |
| 650 | 4 | |a SPE |2 eng | |
| 650 | 4 | |a desorption |2 eng | |
| 650 | 4 | |a sorbent |2 eng | |
| 650 | 4 | |a silicone phase |2 eng | |
| 650 | 4 | |a sorption |2 eng | |
| 700 | 1 | |a Špánik, Ivan |u 041000 |k Z1 |4 ths |U FCHPT Fakulta chemickej a potravinárskej technológie |T FCHPT Ústav analytickej chémie |X 3910 |U C1000 |Y 99 |7 A000003910 | |
| 856 | 4 | |u http://is.stuba.sk/zp/portal_zp.pl?podrobnosti=176578 | |